000 00836nam2a2200217 4500
001 RU\NLR\BIBL_A\010449295
005 20250614053754.0
035 _a(NLR Aleph) 010449295
090 _a9920644
_c9920644
100 _a20140807d1987 |||y0rusy50 ca
101 0 _asah
102 _aRU
105 _ay||||||||||||
200 0 _aКин. 3
210 _d1987
_aБ. м.
215 _a639,[1] с
461 0 _1001RU\NLR\BIBL_A\010449285
_12001#$aУhуктуу$eроман$fБолот Боотур$vКин. 3
_1700#1$aБоотур$f1915-$gБолот
_99920603
_aБоотур, Б. (1915-)
_cЯкутскай
_d1975-1987
_fБолот Боотур
_nСаха сиринээҕи кинигэ изд-вота
_oроман
_tУhуктуу
_vКин. 3
852 _aNLR
_bОНЛ
_jЯкут./3-1803
942 _cBOOK
980 _aNB